Účtovanie finančného majetku
Harmonizácia legislatívy SR s legislatívou EÚ v oblasti účtovníctva. Finančný majetok podľa IAS a právnej úpravy SR. Harmonizácia nového zákona o účtovníctve s IAS a oblasť finančných investícií. Pojem objektívna hodnota v IAS. Zblíženie našej legislatívy s IAS v oblasti prevodov dlhodobých finančný...
Uložené v:
| Hlavný autor: | |
|---|---|
| Médium: | Kapitola |
| Jazyk: | Slovak |
| Predmet: | |
| Tagy: |
Žiadne tagy, Buďte prvý, kto otaguje tento záznam!
|
MARC
| LEADER | 00000naa$a2200000$$$4500 | ||
|---|---|---|---|
| 001 | 0014876 | ||
| 005 | 20240502071400.3 | ||
| 041 | 0 | |a slo | |
| 044 | |a SK | ||
| 245 | 1 | 0 | |a Účtovanie finančného majetku |c Svetlana Mačejová |
| 520 | |a Harmonizácia legislatívy SR s legislatívou EÚ v oblasti účtovníctva. Finančný majetok podľa IAS a právnej úpravy SR. Harmonizácia nového zákona o účtovníctve s IAS a oblasť finančných investícií. Pojem objektívna hodnota v IAS. Zblíženie našej legislatívy s IAS v oblasti prevodov dlhodobých finančných investícií na krátkodobé. Precenenie finančného majetku. | ||
| 610 | 2 | 0 | |a účtovníctvo |
| 610 | 2 | 0 | |a postupy účtovné |
| 610 | 2 | 0 | |a účtovanie |
| 610 | 2 | 0 | |a investície finančné |
| 610 | 2 | 0 | |a majetok finančný |
| 610 | 2 | 0 | |a papiere cenné |
| 610 | 2 | 0 | |a štandardy účtovné medzinárodné |
| 610 | 2 | 0 | |a integrácia |
| 610 | 2 | 0 | |a aproximácia práva |
| 610 | 2 | 0 | |a legislatíva |
| 610 | 2 | 0 | |a Slovensko |
| 610 | 2 | 0 | |a Európska únia |
| 100 | 1 | |a Mačejová, Svetlana | |